000
00421nam a22001337a 4500
003
SGT
020
_a
9789384304041
082
_a
891.4309
_b
J15Y
100
_a
यादव, अभिषेक कुमार
245
_a
झारखण्ड : अँधेरे से साक्षात्कार
260
_b
मीडिया स्टडीज ग्रुप
_c
2015
300
_a
168
942
_2
ddc
_c
BK
999
_c
31233
_d
31233